[Event "COL-ch"]
[Site "Bogota"]
[Date "2018.11.08"]
[Round "4"]
[White "Rodriguez, Giovanni"]
[Black "Gonzalez Ballen, Miguel Eduardo"]
[Result "1/2-1/2"]
[WhiteElo "1708"]
[BlackElo "1899"]
[PlyCount "44"]
[EventDate "2018.11.06"]
[EventType "swiss"]
[EventRounds "9"]
[EventCountry "COL"]
[SourceTitle "CBM 187 Extra"]
[Source "ChessBase"]
[SourceDate "2018.11.04"]
[SourceVersion "1"]
[SourceVersionDate "2018.11.04"]
[SourceQuality "1"]

1. e4 e6 2. Nc3 d5 3. Nf3 Nf6 4. exd5 exd5 5. d4 Bg4 6. Be2 Bd6 7. 0-0 0-0 8. Ne5 Bf5 9. Bf4 c6 10. Re1 Qc7 11. Bg3 Nbd7 12. Bd3 Bxd3 13. Qxd3 Nh5 14. Nxd7 Qxd7 15. Bxd6 Qxd6 16. Re5 Nf4 17. Qd2 Ng6 18. Re3 Rae8 19. Rae1 Rxe3 20. Rxe3 b5 21. a3 a5 22. Na2 Qc7 1/2-1/2